<?xml version="1.0" encoding="UTF-8"?><?xml-stylesheet type="text/xsl" href="static/style.xsl"?><OAI-PMH xmlns="http://www.openarchives.org/OAI/2.0/" xmlns:xsi="http://www.w3.org/2001/XMLSchema-instance" xsi:schemaLocation="http://www.openarchives.org/OAI/2.0/ http://www.openarchives.org/OAI/2.0/OAI-PMH.xsd"><responseDate>2026-04-29T02:37:27Z</responseDate><request verb="GetRecord" identifier="oai:repisalud.isciii.es:20.500.12105/10674" metadataPrefix="marc">https://repisalud.isciii.es/rest/oai/request</request><GetRecord><record><header><identifier>oai:repisalud.isciii.es:20.500.12105/10674</identifier><datestamp>2024-05-27T19:32:35Z</datestamp><setSpec>com_20.500.12105_19604</setSpec><setSpec>com_20.500.12105_2051</setSpec><setSpec>col_20.500.12105_19605</setSpec></header><metadata><record xmlns="http://www.loc.gov/MARC21/slim" xmlns:dcterms="http://purl.org/dc/terms/" xmlns:doc="http://www.lyncode.com/xoai" xmlns:xsi="http://www.w3.org/2001/XMLSchema-instance" xsi:schemaLocation="http://www.loc.gov/MARC21/slim http://www.loc.gov/standards/marcxml/schema/MARC21slim.xsd">
   <leader>00925njm 22002777a 4500</leader>
   <datafield ind2=" " ind1=" " tag="042">
      <subfield code="a">dc</subfield>
   </datafield>
   <datafield ind2=" " ind1=" " tag="720">
      <subfield code="a">Nicolás Ávila, José Ángel</subfield>
      <subfield code="e">author</subfield>
   </datafield>
   <datafield ind2=" " ind1=" " tag="260">
      <subfield code="c">2020-02-14</subfield>
   </datafield>
   <datafield ind2=" " ind1=" " tag="520">
      <subfield code="a">Classically defined as defensive cells, macrophages are now known to be endowed&#xd;
with tissue-specific tasks unrelated to immunity (Davies et al., 2013). These pleiotropic functions are prominent in the heart, where tissue-resident macrophages have been shown to prevent fibrosis (Chakarov et al., 2019), facilitate electrical conduction in the atrioventricular node (Hulsmans et al., 2017), or to favour healing in injured areas (Dick et al., 2019; Nahrendorf and Swirski, 2013). Notwithstanding these observations, large numbers of macrophages of unknown functions populate other regions of the healthy heart, including the ventricular myocardium (Pinto et al., 2012), suggesting broader homeostatic functions for heart-resident macrophages.In this work, we have analysed macrophages lodged within the healthy murine&#xd;
myocardium, and find that they are broadly distributed and actively took cellular material derived from cardiomyocytes. Cardiomyocytes ejected mitochondria in dedicated membranous particles reminiscent of neural exophers, through a process driven by the cardiomyocyte’s autophagy machinery that was enhanced during cardiac stress. Mitochondria disposed through exophers were largely dysfunctional, and were efficiently eliminated by adjacent macrophages. Recognition of cardiac exophers by the phagocytic receptor Mertk prevented inflammasome activation, mitochondrial dysfunction and proteostatic defects, while elimination of macrophages with genetic tools results in a severe cardiomyopathy. Our findings identify an immune-parenchymal pair in the murine heart that allows material transfer to preserve metabolic stability and cell homeostasis.</subfield>
   </datafield>
   <datafield ind1="8" ind2=" " tag="024">
      <subfield code="a">http://hdl.handle.net/20.500.12105/10674</subfield>
   </datafield>
   <datafield ind1="8" ind2=" " tag="024">
      <subfield code="a">10.4321/repisalud.10674</subfield>
   </datafield>
   <datafield tag="653" ind2=" " ind1=" ">
      <subfield code="a">Macrophage</subfield>
   </datafield>
   <datafield tag="653" ind2=" " ind1=" ">
      <subfield code="a">Mitochondria</subfield>
   </datafield>
   <datafield tag="653" ind2=" " ind1=" ">
      <subfield code="a">Autophagy</subfield>
   </datafield>
   <datafield tag="653" ind2=" " ind1=" ">
      <subfield code="a">Heart</subfield>
   </datafield>
   <datafield tag="653" ind2=" " ind1=" ">
      <subfield code="a">Exopher</subfield>
   </datafield>
   <datafield ind2="0" ind1="0" tag="245">
      <subfield code="a">Defining novel physiological roles for cardiac-residen Macrophages</subfield>
   </datafield>
</record></metadata></record></GetRecord></OAI-PMH>